<?xml version="1.0" encoding="UTF-8"?>
<record
    xmlns:xsi="http://www.w3.org/2001/XMLSchema-instance"
    xsi:schemaLocation="http://www.loc.gov/MARC21/slim http://www.loc.gov/standards/marcxml/schema/MARC21slim.xsd"
    xmlns="http://www.loc.gov/MARC21/slim">

  <leader>02516nam a22004097a 4500</leader>
  <controlfield tag="001">42835</controlfield>
  <controlfield tag="003">gtgccic</controlfield>
  <controlfield tag="005">20250609154715.0</controlfield>
  <controlfield tag="007">ta</controlfield>
  <controlfield tag="008">250609b        sp ||||| |||| 00| 0 spa d</controlfield>
  <datafield tag="020" ind1=" " ind2=" ">
    <subfield code="a">8479785195</subfield>
  </datafield>
  <datafield tag="040" ind1=" " ind2=" ">
    <subfield code="a">gtgccic</subfield>
    <subfield code="b">spa</subfield>
    <subfield code="c">gtgccic</subfield>
    <subfield code="d">gtgccic</subfield>
    <subfield code="e">rda</subfield>
  </datafield>
  <datafield tag="082" ind1=" " ind2=" ">
    <subfield code="a">658.562 C419</subfield>
  </datafield>
  <datafield tag="100" ind1="1" ind2=" ">
    <subfield code="a">Cervera, Josep.</subfield>
    <subfield code="c">Ingeniero</subfield>
    <subfield code="e">Autor</subfield>
    <subfield code="q">Responsable de ISO 9000 en ICICT, S. A. Experto en sistemas de gesti&#xF3;n de calidad y en proyectos nucleares.</subfield>
  </datafield>
  <datafield tag="245" ind1=" " ind2=" ">
    <subfield code="a">La transici&#xF3;n a las nuevas ISO 9000:2000 y su implantaci&#xF3;n :</subfield>
    <subfield code="b">Un plan sencillo y pr&#xE1;ctico con ejemplos /</subfield>
    <subfield code="c">Josep Cervera</subfield>
  </datafield>
  <datafield tag="264" ind1=" " ind2=" ">
    <subfield code="a">Madrid, Espa&#xF1;a :</subfield>
    <subfield code="b">D&#xED;az de Santos ;</subfield>
    <subfield code="c">2001.</subfield>
  </datafield>
  <datafield tag="300" ind1=" " ind2=" ">
    <subfield code="a">xiv, 190 p. :</subfield>
    <subfield code="b">il.</subfield>
    <subfield code="c">24 cm</subfield>
  </datafield>
  <datafield tag="336" ind1=" " ind2=" ">
    <subfield code="2">rdacontenido</subfield>
    <subfield code="a">texto</subfield>
    <subfield code="b">txt</subfield>
  </datafield>
  <datafield tag="337" ind1=" " ind2=" ">
    <subfield code="2">rdamedio</subfield>
    <subfield code="a">sin mediaci&#xF3;n</subfield>
    <subfield code="b">n</subfield>
  </datafield>
  <datafield tag="338" ind1=" " ind2=" ">
    <subfield code="2">rdasoporte</subfield>
    <subfield code="a">volumen</subfield>
    <subfield code="b">nc</subfield>
  </datafield>
  <datafield tag="505" ind1=" " ind2=" ">
    <subfield code="t">1. LAS NUEVAS NORMAS DE GESTI&#xD3;N DE CALIDAD ISO 9000:2000</subfield>
  </datafield>
  <datafield tag="505" ind1=" " ind2=" ">
    <subfield code="t">2. PRINCIPIOS DE GESTI&#xD3;N DE CALIDAD</subfield>
  </datafield>
  <datafield tag="505" ind1=" " ind2=" ">
    <subfield code="t">3. LA GESTI&#xD3;N ORIENTADA AL PROCESO</subfield>
  </datafield>
  <datafield tag="505" ind1=" " ind2=" ">
    <subfield code="t">4. INDICADORES</subfield>
  </datafield>
  <datafield tag="505" ind1=" " ind2=" ">
    <subfield code="t">5. AUDITORIAS ORIENTADAS A PROCESOS</subfield>
  </datafield>
  <datafield tag="505" ind1=" " ind2=" ">
    <subfield code="t">6. LA SATISFACCI&#xD3;N DEL CLIENTE</subfield>
  </datafield>
  <datafield tag="505" ind1=" " ind2=" ">
    <subfield code="t">7. LA MEJORA CONTINUA</subfield>
  </datafield>
  <datafield tag="505" ind1=" " ind2=" ">
    <subfield code="t">8. LA GESTI&#xD3;N DOCUMENTAL</subfield>
  </datafield>
  <datafield tag="505" ind1=" " ind2=" ">
    <subfield code="t">GU&#xCD;A PARA LA EVALUACI&#xD3;N DE ISO 9001:2000</subfield>
  </datafield>
  <datafield tag="505" ind1=" " ind2=" ">
    <subfield code="t">Anexos</subfield>
  </datafield>
  <datafield tag="520" ind1=" " ind2=" ">
    <subfield code="a">Las nuevas exigencias de los mercados sin fronteras, como consecuencia de los avances, acuerdos y resoluciones de organismos internacionales, ha hecho que las organizaciones introduzcan variaciones en la forma que se han estructurado tradicionalmente, con el fin de adapatarse convenientemente a las experiencias que dicho cambio conlleva, as&#xED; , las organizaciones m&#xE1;s competitivas, m&#xE1;s innnovadoras y con mayor creatividad son aquellas que defienden sistemas de gesti&#xF3;n modernos que pueden ser globales para toda la organizaci&#xF3;n, como son el crecimiento, los recursos financieros, la rentabilidad, el medio ambiente, la seguridad, la salud y l&#xF3;gicamente la calidad entendida como cumplimiento de las necesidades y expectativas de los clientes mediante la satisfacci&#xF3;n de los mismos. Uno de los objetivos m&#xE1;s importantes era c&#xF3;mo definir un sistema de gesti&#xF3;n de calidad moderna buscando una aproximaci&#xF3;n hacia los modelos de excelencia empresarial, con la gesti&#xF3;n enfocada a los procesos, a la mejora continua y a la b&#xFA;squeda de la satisfacci&#xF3;n del cliente.</subfield>
  </datafield>
  <datafield tag="650" ind1=" " ind2=" ">
    <subfield code="a">EFICACIA INDUSTRIAL</subfield>
  </datafield>
  <datafield tag="650" ind1=" " ind2=" ">
    <subfield code="a">GESTI&#xD3;N</subfield>
  </datafield>
  <datafield tag="650" ind1=" " ind2=" ">
    <subfield code="a">INDUSTRIA</subfield>
  </datafield>
  <datafield tag="942" ind1=" " ind2=" ">
    <subfield code="2">ddc</subfield>
    <subfield code="c">BK</subfield>
    <subfield code="n">0</subfield>
  </datafield>
  <datafield tag="945" ind1=" " ind2=" ">
    <subfield code="a">amlo</subfield>
  </datafield>
  <datafield tag="999" ind1=" " ind2=" ">
    <subfield code="c">626</subfield>
    <subfield code="d">626</subfield>
  </datafield>
  <datafield tag="952" ind1=" " ind2=" ">
    <subfield code="0">0</subfield>
    <subfield code="1">0</subfield>
    <subfield code="2">ddc</subfield>
    <subfield code="4">0</subfield>
    <subfield code="7">0</subfield>
    <subfield code="a">CICON</subfield>
    <subfield code="b">CICON</subfield>
    <subfield code="c">GEN</subfield>
    <subfield code="d">2025-06-09</subfield>
    <subfield code="e">compra</subfield>
    <subfield code="i">8.3.01.H.10837/05</subfield>
    <subfield code="l">0</subfield>
    <subfield code="o">658.562 C419</subfield>
    <subfield code="p">Cicon8.3.01.H.10837/</subfield>
    <subfield code="r">2025-06-09 15:38:26</subfield>
    <subfield code="t">1</subfield>
    <subfield code="w">2025-06-09</subfield>
    <subfield code="y">BK</subfield>
  </datafield>
</record>
